00314nam a2200097 a 4500008004100000050001500041245007300056260006300129300001500192350000900207090130s2008 ||||||||||||||||| || u aHC 915 Zam00aZambia at 44: annual business magazinecedited by Walubita, S. Kelly aNew DelhibZambia High Commission, New Delhi (India)c2008 a90p. :ill. a0.00